Social entrepreneurship : (Record no. 19607)
[ view plain ]
| 000 -LEADER | |
|---|---|
| fixed length control field | 00946cam a22002655a 4500 |
| 001 - CONTROL NUMBER | |
| control field | 17444832 |
| 005 - DATE AND TIME OF LATEST TRANSACTION | |
| control field | 20150622141621.0 |
| 008 - FIXED-LENGTH DATA ELEMENTS--GENERAL INFORMATION | |
| fixed length control field | 120829t2013 enkadk frb 001 0 eng d |
| 020 ## - INTERNATIONAL STANDARD BOOK NUMBER | |
| International Standard Book Number | 9781781006979 (hbk.) |
| 040 ## - CATALOGING SOURCE | |
| Original cataloging agency | DLC |
| Language of cataloging | eng |
| Transcribing agency | DLC |
| Modifying agency | EG-ScBUE |
| 082 04 - DEWEY DECIMAL CLASSIFICATION NUMBER | |
| Classification number | 658.408 |
| Edition number | 22 |
| Item number | BJE |
| 100 1# - MAIN ENTRY--PERSONAL NAME | |
| Personal name | Bjerke, Björn, |
| Dates associated with a name | 1941- |
| 9 (RLIN) | 38184 |
| 245 10 - TITLE STATEMENT | |
| Title | Social entrepreneurship : |
| Remainder of title | to act as if and make a difference / |
| Statement of responsibility, etc | Bjorn Bjerke and Mathias Karlsson. |
| 260 ## - PUBLICATION, DISTRIBUTION, ETC. (IMPRINT) | |
| Place of publication, distribution, etc | Cheltenham ; |
| -- | Northampton : |
| Name of publisher, distributor, etc | Edward Elgar publishing, |
| Date of publication, distribution, etc | c.2013 |
| 300 ## - PHYSICAL DESCRIPTION | |
| Extent | ix, 191 p. : |
| Other physical details | charts, forms, tables ; |
| Dimensions | 24 cm. |
| 500 ## - GENERAL NOTE | |
| General note | Index : p. 189-191. |
| 504 ## - BIBLIOGRAPHY, ETC. NOTE | |
| Bibliography, etc | Bibliography : p. 165-188. |
| 650 #0 - SUBJECT ADDED ENTRY--TOPICAL TERM | |
| Topical term or geographic name as entry element | Social entrepreneurship |
| Form subdivision | Case studies. |
| Source of heading or term | BUEsh |
| 650 #0 - SUBJECT ADDED ENTRY--TOPICAL TERM | |
| Topical term or geographic name as entry element | Social responsibility of business |
| Form subdivision | Case studies. |
| Source of heading or term | BUEsh |
| 651 ## - SUBJECT ADDED ENTRY--GEOGRAPHIC NAME | |
| Source of heading or term | BUEsh |
| 653 ## - INDEX TERM--UNCONTROLLED | |
| Resource For college | BAEPS, Business Administration |
| Arrived date list | June2015 |
| 655 ## - INDEX TERM--GENRE/FORM | |
| Form subdivision | |
| -- | 34232 |
| 700 1# - ADDED ENTRY--PERSONAL NAME | |
| Personal name | Karlsson, Mathias. |
| 942 ## - ADDED ENTRY ELEMENTS (KOHA) | |
| Source of classification or shelving scheme | Dewey Decimal Classification |
| Call number prefix | 658.408 BJE |
| Withdrawn status | Lost status | Source of classification or shelving scheme | Damaged status | Not for loan | Koha collection | Home library | Current library | Shelving location | Date acquired | Source of acquisition | Total Checkouts | Full call number | Barcode | Date last seen | Koha item type | Total Renewals | Date last borrowed |
|---|---|---|---|---|---|---|---|---|---|---|---|---|---|---|---|---|---|
| Dewey Decimal Classification | Baccah | Central Library | Central Library | First floor | 11/06/2015 | 658.408 BJE | 000038762 | 15/07/2025 | Book - Borrowing | ||||||||
| Dewey Decimal Classification | Baccah | Central Library | Central Library | First floor | 11/06/2015 | 1 | 658.408 BJE | 000038761 | 15/07/2025 | Book - Borrowing | 1 | 03/02/2016 |